In Extremo - Kompass zur Sonne Lyrics Quiz - Statistiken

Allgemein
  • Dieses Quiz wurde 7 mal gespielt
  • Das Durchschnittsergebnis liegt bei 148 aus 212
Antwortstatistiken
Antwort % Korrekt
am
100%
an
100%
ans
100%
auf
100%
Da
100%
das
100%
die
100%
dir
100%
ich
100%
Ich
100%
in
100%
Komm
100%
mir
100%
nicht
100%
uns
100%
von
100%
wir
100%
bei
80%
bin
80%
Bin
80%
bis
80%
dem
80%
den
80%
Der
80%
der
80%
du
80%
ein
80%
Eine
80%
einem
80%
für
80%
Für
80%
heiß
80%
Ist
80%
Kompass
80%
meine
80%
meiner
80%
mit
80%
Motor
80%
Nach
80%
nach
80%
Öl
80%
sein
80%
so
80%
Sonne
80%
träume
80%
Träume
80%
und
80%
Und
80%
wo
80%
zu
80%
zur
80%
alte
60%
Asphalt
60%
Aus
60%
Baue
60%
Bett
60%
Bevor
60%
blinkt
60%
brennt
60%
ewig
60%
fern
60%
Feuer
60%
Flut
60%
gemacht
60%
gen
60%
Gezeiten
60%
Hab
60%
Heim
60%
hier
60%
Hoch
60%
Immer
60%
Könntest
60%
Land
60%
Leuchtturm
60%
Licht
60%
Meer
60%
meinen
60%
neues
60%
nie
60%
ohne
60%
Reise
60%
Richtung
60%
röchelt
60%
schrieb
60%
schwer
60%
Spuckt
60%
Spur
60%
stur
60%
Suche
60%
Süden
60%
trotzen
60%
Ufer
60%
verwischt
60%
was
60%
weiter
60%
Worte
60%
zeigt
60%
Zweifel
60%
alten
40%
diese
40%
Dort
40%
dort
40%
Ende
40%
fließen
40%
Gegend
40%
Halt
40%
hat
40%
Honig
40%
Jugend
40%
kennt
40%
Lecke
40%
Milch
40%
mitgebracht
40%
niemand
40%
Nur
40%
nur
40%
schreibe
40%
Sternen
40%
Träumen
40%
wovon
40%
Wunden
40%
aufgewacht
20%
drückt
20%
fest
20%
Kontinent
20%
kühnsten
20%
Strandgut
20%
trotzden
0%
Keine übereinstimmenden Quizze gefunden
Verteilung der Resultate
Anzahl Personen mit jedem Resultat
Perzentil nach korrekt beantworteten Fragen
Ihre Resultats-Entwicklung
Sie haben dieses Quiz noch nicht gespielt